000 00455nam a2200193Ia 4500
005 20240823022733.0
008 240823s9999||||xx |||||||||||||| ||und||
020 _a81-7809-157-7
041 _aENGLISH
082 _A156.6 P3
100 _a"Lavender,Tim"
245 0 _aAcheiving Personal Greatness
250 _a1st
260 _c2003
_b"Magna,M"
_aMumbai
500 _aYES
650 _aPersonal Quality
_bGeneral
942 _cBK
999 _c179879
_d179879